000 01290cam a22003494a 4500
001 12840417
003 OSt
005 20250610104445.0
008 020702s2003 maua b 001 0 eng
010 _a 2002026413
020 _a9789355321787
040 _aDLC
_cDLC
_dDLC
042 _apcc
050 0 0 _aHF5415.7
_b.S425 2003
082 0 0 _a658.5
_bSIM/D
100 _aSimchi-Levi, David
_91312
245 1 0 _aDesigning and managing the supply chain :
_bconcepts, strategies, and case studies /
_cDavid Simchi-Levi, Philip Kaminsky, Edith Simchi-Levi.
246 1 4 _aDesigning & managing the supply chain
250 _a4e
260 _aBoston :
_bMcGraw-Hill/Irwin,
_cc2022.
300 _axxvi, 520 p. :
_bill. ;
_c27 cm. +
490 1 _aThe McGraw-Hill/Irwin series in operations and decision sciences
504 _aIncludes bibliographical references (p. 343-347) and index.
650 0 _aPhysical distribution of goods
_xManagement.
650 0 _aMarketing channels
_xManagement.
650 0 _aBusiness logistics.
650 0 _aIndustrial procurement.
700 1 _aKaminsky, Philip.
700 1 _aSimchi-Levi, Edith.
830 0 _aIrwin/McGraw-Hill series in operations and decision sciences.
942 _2ddc
_cBK
_h658.5
_iSIM/D
_k658.5
_mSIM/D
999 _c44499
_d44499